长沙地铁图 2023 Changsha Metro Map 2023 - Statistics

General Stats
  • This quiz has been taken 32 times
  • The average score is 52 of 156
Answers on the Map
Answers color-coded by a green-red scale on the quiz's map according to % correct below.
 
Answer Stats
线路 车站 % Correct
1号线 开福区政府
88%
2号线 橘子洲
85%
2号线 | 3号线 长沙火车站
81%
磁浮快线 磁浮机场
81%
1号线 | 2号线 五一广场
77%
2号线 梅溪湖西
65%
2号线 | 4号线 长沙火车南站
65%
1号线 | 3号线 侯家塘
62%
2号线 | 5号线 万家丽广场
62%
4号线 湖南大学
62%
磁浮快线 磁浮高铁
62%
1号线 黄兴广场
58%
2号线 梅溪湖东
58%
2号线 | 4号线 溁湾镇
54%
2号线 湘江中路
54%
2号线 芙蓉广场
50%
2号线 | 4号线 光达
50%
3号线 星沙
50%
3号线 中南大学
50%
1号线 开福寺
46%
1号线 南门口
46%
2号线 望城坡
46%
3号线 | 4号线 阜埠河
46%
1号线 马厂
42%
1号线 北辰三角洲
42%
1号线 省政府
42%
3号线 烈士公园东
42%
5号线 | 6号线 芙蓉区政府
42%
西环线 湘潭北站
42%
1号线 | 6号线 文昌阁
38%
1号线 | 4号线 黄土岭
38%
1号线 尚双塘
38%
2号线 | 6号线 人民东路
38%
3号线 广生
38%
3号线 山塘
38%
4号线 湖南师大
38%
4号线 杜家坪
38%
6号线 湘雅医院
38%
磁浮快线 磁浮㮾梨
38%
1号线 铁道学院
35%
1号线 大托
35%
2号线 文化艺术中心
35%
2号线 锦泰广场
35%
2号线 | 4号线 沙湾公园
35%
4号线 观沙岭
35%
4号线 | 6号线 六沟垅
35%
4号线 望月湖
35%
5号线 雨花区政府
35%
6号线 谢家桥
35%
6号线 隆平水稻博物馆
35%
1号线 培元桥
31%
1号线 涂家冲
31%
1号线 桂花坪
31%
1号线 中信广场
31%
2号线 西湖公园
31%
2号线 | 6号线 迎宾路口
31%
3号线 四方坪
31%
3号线 | 6号线 朝阳村
31%
3号线 洋湖湿地
31%
4号线 罐子岭
31%
4号线 树木岭
31%
4号线 | 5号线 圭塘
31%
5号线 马栏山
31%
6号线 湘雅三医院
31%
1号线 南湖路
27%
1号线 友谊路
27%
2号线 金星路
27%
2号线 袁家岭
27%
3号线 螺丝塘
27%
3号线 长沙大学
27%
3号线 东塘
27%
3号线 灵官渡
27%
3号线 洋湖新城
27%
4号线 汉王陵公园
27%
4号线 平阳
27%
6号线 象鼻窝
27%
6号线 麓谷体育公园
27%
6号线 麓谷公园
27%
6号线 烈士公园南
27%
6号线 窑岭湘雅二医院
27%
6号线 黄花机场T1T2
27%
2号线 麓云路
23%
2号线 杜花路
23%
3号线 星沙文体中心
23%
3号线 湘龙
23%
3号线 | 5号线 月湖公园北
23%
3号线 桂花公园
23%
3号线 阳光
23%
4号线 月亮岛西
23%
4号线 湘江新城
23%
4号线 砂子塘
23%
4号线 粟塘
23%
5号线 鸭子铺
23%
5号线 高桥南
23%
6号线 长庆
23%
6号线 涧塘
23%
6号线 湖南工商大学
23%
6号线 白鸽咀
23%
6号线 花桥
23%
西环线 坪塘
23%
2号线 长沙大道
19%
3号线 松雅湖(南)
19%
3号线 雅雀湖
19%
4号线 福元大桥西
19%
4号线 茶子山
19%
4号线 碧沙湖
19%
4号线 赤岗岭
19%
5号线 土桥
19%
5号线 火炬村
19%
5号线 马王堆
19%
5号线 高桥北
19%
5号线 木桥
19%
5号线 毛竹塘
19%
6号线 中塘
19%
6号线 一师范西校区
19%
6号线 长丰
19%
6号线 木马塅
19%
西环线 大王山
19%
3号线 丝茅冲
15%
3号线 阿弥岭
15%
5号线 水渡河
15%
5号线 白茅铺
15%
5号线 大塘
15%
5号线 板塘冲
15%
6号线 和馨园
15%
6号线 农科院农大
15%
6号线 东湖
15%
6号线 韶光
15%
6号线 龙华
15%
6号线 龙峰
15%
6号线 大路村
15%
6号线 檀木桥
12%
西环线 红桥
12%
西环线 船形山
12%
6号线 曹家坪
8%
西环线 桐溪
8%
西环线 黄家湾
8%
西环线 双湖
4%
No matching quizzes found
Score Distribution
Percent of People with Each Score
Percentile by Number Answered
Your Score History
You have not taken this quiz